| 000 | 00482nam a2200205Ia 4500 | ||
|---|---|---|---|
| 005 | 20250425160908.0 | ||
| 008 | 250425s9999 xx 000 0 und d | ||
| 041 | _aeng | ||
| 082 | _a032 | ||
| 100 | _aCOUCH, WILLIAM T. | ||
| 245 | 0 | _aCOLLIER'S ENCYCLOPEDIA: BAL - BOZ | |
| 250 | _aS.E. | ||
| 260 |
_aEstados Unidos _bP. F COLLIER _c1959 |
||
| 260 | _aNEW YORK | ||
| 300 | _a639 | ||
| 650 | _aENCICLOPEDIAS | ||
| 700 | _aCRAWFORD, DAVID | ||
| 942 | _c01 | ||
| 010 | _a7795 | ||
| 999 |
_c198349 _d198349 |
||